000 00285nam a22001337a 4500
008 171016b xxu||||| |||| 00| 0 eng d
020 _a9781133154457
041 _aeng
080 _a33
100 _a52
101 _aECO
245 _aECONOMIS TODAY
_cTUCKER.I.B
942 _2udc
_cBK
999 _c34058
_d34058